Bunnicula strikes again! / (Record no. 533)

MARC details
000 -LEADER
fixed length control field 00941cam a2200289 a 4500
005 - DATE AND TIME OF LATEST TRANSACTION
control field 20230929113858.0
020 ## - INTERNATIONAL STANDARD BOOK NUMBER
International Standard Book Number 0689814631 (alk. paper)
040 ## - CATALOGING SOURCE
Original cataloging agency DLC
Transcribing agency DLC
Modifying agency DLC
Language of cataloging eng
050 00 - LIBRARY OF CONGRESS CALL NUMBER
Classification number PZ7.H83727
Item number But 1999
082 00 - DEWEY DECIMAL CLASSIFICATION NUMBER
Classification number 813.5
Edition number 21
100 1# - MAIN ENTRY--PERSONAL NAME
Personal name Howe, James,
Dates associated with a name 1946-
245 10 - TITLE STATEMENT
Title Bunnicula strikes again! /
Statement of responsibility, etc. James Howe ; illustrations by Alan Daniel.
260 ## - PUBLICATION, DISTRIBUTION, ETC.
Place of publication, distribution, etc. New York :
Name of publisher, distributor, etc. Simon & Schuster
Date of publication, distribution, etc. 1999
300 ## - PHYSICAL DESCRIPTION
Extent ix, 116 pages :
Other physical details illustrations ;
Dimensions 22 cm.
505 ## - FORMATTED CONTENTS NOTE
Formatted contents note Q
520 ## - SUMMARY, ETC.
Summary, etc. When Bunnicula the rabbit starts acting strangely, the Monroe dogs and cat renew their suspicions that he is a vampire.
521 ## - TARGET AUDIENCE NOTE
Target audience note 860 <br/>
Source Lexile
521 ## - TARGET AUDIENCE NOTE
Target audience note Q <br/><br/>
Source Raz-Plus
650 #1 - SUBJECT ADDED ENTRY--TOPICAL TERM
Topical term or geographic name entry element Dogs
Form subdivision Fiction.
650 #1 - SUBJECT ADDED ENTRY--TOPICAL TERM
Topical term or geographic name entry element Cats
Form subdivision Fiction.
650 #1 - SUBJECT ADDED ENTRY--TOPICAL TERM
Topical term or geographic name entry element Rabbits
Form subdivision Fiction.
650 #1 - SUBJECT ADDED ENTRY--TOPICAL TERM
Topical term or geographic name entry element Vampires
Form subdivision Fiction.
700 1# - ADDED ENTRY--PERSONAL NAME
Personal name Daniel, Alan,
Dates associated with a name 1939-
Relator term ill.
906 ## - LOCAL DATA ELEMENT F, LDF (RLIN)
a 7
b cbc
c orignew
d 1
e ocip
f 19
g y-gencatlg
942 ## - ADDED ENTRY ELEMENTS (KOHA)
Source of classification or shelving scheme Dewey Decimal Classification
Koha item type Books
Suppress in OPAC No
999 ## -
-- 533
-- 533
Holdings
Withdrawn status Lost status Source of classification or shelving scheme Damaged status Not for loan Collection Home library Current library Shelving location Date acquired Total Checkouts Full call number Barcode Date last seen Price effective from Koha item type
    Dewey Decimal Classification     Fiction Footprints International School Library Network Toul Kork Campus Footprints International School Library Network Toul Kork Campus A TK Campus, 4th Floor, Room B401, Fiction Bookcases (1-6) 05/24/2023   HOW 813.6 PZ7.H83727 FISTKG3A049 05/24/2023 05/24/2023 Books